000
00348 a2200169 4500
001
183247
020
_a
040
_c
Magnum
100
_a
Namora, Fernando
240
1
0
_a
O trigo e o joio
_l
por
245
1
0
_a
O trigo e o joio
300
_a
237
362
0
_a
1973
440
1
_a
Globo
697
_a
LITERATURA GERAL ESTRANGEIRA
942
_c
BK
999
_c
183247
_d
183247